<?xml version="1.0" encoding="UTF-8"?>
<collection xmlns="http://www.loc.gov/MARC21/slim">
 <record>
  <leader>01483nam a22002537a 4500</leader>
  <controlfield tag="001">NCT_30449</controlfield>
  <controlfield tag="008">180416b        xxu||||| |||| 00| 0 vie d</controlfield>
  <datafield tag="999" ind1=" " ind2=" ">
   <subfield code="c">1465</subfield>
   <subfield code="d">1465</subfield>
  </datafield>
  <datafield tag="020" ind1=" " ind2=" ">
   <subfield code="a">9786040065780</subfield>
   <subfield code="c">52000</subfield>
  </datafield>
  <datafield tag="082" ind1="0" ind2="4">
   <subfield code="2">23rd ed.</subfield>
   <subfield code="a">616.5</subfield>
   <subfield code="b">H305</subfield>
  </datafield>
  <datafield tag="100" ind1="1" ind2=" ">
   <subfield code="a">Phạm Văn Hiển</subfield>
   <subfield code="e">Chủ biên</subfield>
  </datafield>
  <datafield tag="245" ind1="1" ind2="0">
   <subfield code="a">Da liễu học</subfield>
   <subfield code="b">: Sách cho đào tạo bác sĩ đa khoa</subfield>
   <subfield code="c">Phạm Văn Hiển</subfield>
  </datafield>
  <datafield tag="250" ind1=" " ind2=" ">
   <subfield code="a">Tái bản lần thứ năm</subfield>
  </datafield>
  <datafield tag="260" ind1=" " ind2=" ">
   <subfield code="a">H.</subfield>
   <subfield code="b">Giáo dục Việt Nam</subfield>
   <subfield code="c">2016</subfield>
  </datafield>
  <datafield tag="300" ind1=" " ind2=" ">
   <subfield code="a">183 tr.</subfield>
   <subfield code="c">27cm</subfield>
  </datafield>
  <datafield tag="500" ind1=" " ind2=" ">
   <subfield code="a">ĐTTS ghi: Bộ Y tế</subfield>
  </datafield>
  <datafield tag="653" ind1=" " ind2=" ">
   <subfield code="a">Y đa khoa</subfield>
  </datafield>
  <datafield tag="942" ind1=" " ind2=" ">
   <subfield code="2">ddc</subfield>
   <subfield code="c">BK</subfield>
  </datafield>
  <datafield tag="952" ind1=" " ind2=" ">
   <subfield code="0">0</subfield>
   <subfield code="1">0</subfield>
   <subfield code="2">ddc</subfield>
   <subfield code="4">0</subfield>
   <subfield code="6">616_500000000000000_H305</subfield>
   <subfield code="7">0</subfield>
   <subfield code="9">7045</subfield>
   <subfield code="a">000001</subfield>
   <subfield code="b">000001</subfield>
   <subfield code="d">2018-04-16</subfield>
   <subfield code="o">616.5 H305</subfield>
   <subfield code="p">MD.12051</subfield>
   <subfield code="r">2018-04-16</subfield>
   <subfield code="v">52000.00</subfield>
   <subfield code="w">2018-04-16</subfield>
   <subfield code="y">BK</subfield>
  </datafield>
  <datafield tag="952" ind1=" " ind2=" ">
   <subfield code="0">0</subfield>
   <subfield code="1">0</subfield>
   <subfield code="2">ddc</subfield>
   <subfield code="4">0</subfield>
   <subfield code="6">616_500000000000000_H305</subfield>
   <subfield code="7">0</subfield>
   <subfield code="9">7047</subfield>
   <subfield code="a">000001</subfield>
   <subfield code="b">000001</subfield>
   <subfield code="d">2018-04-16</subfield>
   <subfield code="o">616.5 H305</subfield>
   <subfield code="p">MD.11886</subfield>
   <subfield code="r">2018-04-16</subfield>
   <subfield code="v">52000.00</subfield>
   <subfield code="w">2018-04-16</subfield>
   <subfield code="y">BK</subfield>
  </datafield>
  <datafield tag="952" ind1=" " ind2=" ">
   <subfield code="0">0</subfield>
   <subfield code="1">0</subfield>
   <subfield code="2">ddc</subfield>
   <subfield code="4">0</subfield>
   <subfield code="6">616_500000000000000_H305</subfield>
   <subfield code="7">0</subfield>
   <subfield code="9">7048</subfield>
   <subfield code="a">000001</subfield>
   <subfield code="b">000001</subfield>
   <subfield code="d">2018-04-16</subfield>
   <subfield code="l">3</subfield>
   <subfield code="m">1</subfield>
   <subfield code="o">616.5 H305</subfield>
   <subfield code="p">MD.11887</subfield>
   <subfield code="r">2020-09-24</subfield>
   <subfield code="s">2020-09-22</subfield>
   <subfield code="v">52000.00</subfield>
   <subfield code="w">2018-04-16</subfield>
   <subfield code="y">BK</subfield>
  </datafield>
  <datafield tag="952" ind1=" " ind2=" ">
   <subfield code="0">0</subfield>
   <subfield code="1">0</subfield>
   <subfield code="2">ddc</subfield>
   <subfield code="4">0</subfield>
   <subfield code="6">616_500000000000000_H305</subfield>
   <subfield code="7">0</subfield>
   <subfield code="9">7049</subfield>
   <subfield code="a">000001</subfield>
   <subfield code="b">000001</subfield>
   <subfield code="d">2018-04-16</subfield>
   <subfield code="l">7</subfield>
   <subfield code="m">1</subfield>
   <subfield code="o">616.5 H305</subfield>
   <subfield code="p">MD.11888</subfield>
   <subfield code="r">2020-05-29</subfield>
   <subfield code="s">2020-05-18</subfield>
   <subfield code="v">52000.00</subfield>
   <subfield code="w">2018-04-16</subfield>
   <subfield code="y">BK</subfield>
  </datafield>
  <datafield tag="952" ind1=" " ind2=" ">
   <subfield code="0">0</subfield>
   <subfield code="1">0</subfield>
   <subfield code="2">ddc</subfield>
   <subfield code="4">0</subfield>
   <subfield code="6">616_500000000000000_H305</subfield>
   <subfield code="7">0</subfield>
   <subfield code="9">7050</subfield>
   <subfield code="a">000001</subfield>
   <subfield code="b">000001</subfield>
   <subfield code="d">2018-04-16</subfield>
   <subfield code="l">1</subfield>
   <subfield code="o">616.5 H305</subfield>
   <subfield code="p">MD.11889</subfield>
   <subfield code="q">2022-02-26</subfield>
   <subfield code="r">2022-02-11</subfield>
   <subfield code="s">2022-02-11</subfield>
   <subfield code="v">52000.00</subfield>
   <subfield code="w">2018-04-16</subfield>
   <subfield code="y">BK</subfield>
  </datafield>
  <datafield tag="980" ind1=" " ind2=" ">
   <subfield code="a">Thư viện Trường Đại học Nam Cần Thơ</subfield>
  </datafield>
 </record>
</collection>
